Analysis and transceiver design for the mimo broadcast channel (Record no. 11738)

000 -LEADER
fixed length control field 00669cam a22002295a 4500
001 - CONTROL NUMBER
control field 17357098
005 - DATE AND TIME OF LATEST TRANSACTION
control field 20170105102347.0
008 - FIXED-LENGTH DATA ELEMENTS--GENERAL INFORMATION
fixed length control field 120622s2012 nyu 000 0 eng
010 ## - LIBRARY OF CONGRESS CONTROL NUMBER
LC control number 2012942717
020 ## - INTERNATIONAL STANDARD BOOK NUMBER
International Standard Book Number 9783642316913
040 ## - CATALOGING SOURCE
Original cataloging agency DLC
Transcribing agency DLC
042 ## - AUTHENTICATION CODE
Authentication code pcc
082 ## - DEWEY DECIMAL CLASSIFICATION NUMBER
Classification number 621.38413
245 00 - TITLE STATEMENT
Title Analysis and transceiver design for the mimo broadcast channel
Remainder of title Raphael Hunger
260 ## - PUBLICATION, DISTRIBUTION, ETC.
Place of publication, distribution, etc. New York :
Name of publisher, distributor, etc. Springer,
Date of publication, distribution, etc. 2012.
263 ## - PROJECTED PUBLICATION DATE
Projected publication date 1206
300 ## - PHYSICAL DESCRIPTION
Extent x, 320p. :
Dimensions 24 cm
651 ## - SUBJECT ADDED ENTRY--GEOGRAPHIC NAME
Source of heading or term Radio--Transmitter-receivers
906 ## - LOCAL DATA ELEMENT F, LDF (RLIN)
a 0
b ibc
c orignew
d 2
e epcn
f 20
g y-gencatlg
942 ## - ADDED ENTRY ELEMENTS (KOHA)
Source of classification or shelving scheme
Koha item type Book
Holdings
Withdrawn status Lost status Damaged status Not for loan Collection code Permanent Location Current Location Shelving location Date acquired Source of acquisition Cost, normal purchase price Total Checkouts Full call number Barcode Date last seen Price effective from Koha item type
          Central Library (CL) Central Library (CL) General Stacks 04/09/2013 Progressive International Agencies 9313.09   621.38413 SEECS012209 04/16/2013 04/16/2013 Book
© 2023 Central Library, National University of Sciences and Technology. All Rights Reserved.